[Event "Open"]
[Site "Dubai UAE"]
[Date "2002.04.15"]
[Round "1"]
[White "Sadatnajafi,M"]
[Black "Sherbakov,R"]
[Result "0-1"]
[WhiteElo "2225"]
[BlackElo "2539"]

1.e4 c5 2.Nf3 Nc6 3.d4 cxd4 4.Nxd4 Qb6 5.Nb3 Nf6 6.Nc3 e6 7.Be2 Bb4 8.O-O O-O
9.Be3 Qc7 10.Bc5 Bxc5 11.Nxc5 Rd8 12.Nd3 Nd4 13.e5 Ne8 14.f4 Nf5 15.Qd2 d6
16.Kh1 Bd7 17.Bf3 Bc6 18.Bxc6 Qxc6 19.Qf2 a6 20.Rae1 Rac8 21.Re2 Qc4 22.Re4 Qc7
23.g4 Ne7 24.Re3 Qc6+ 25.Qg2 Qxg2+ 26.Kxg2 dxe5 27.Nxe5 Nd5 28.Rg3 f6 29.Nd3 Nxc3
30.bxc3 Rxc3 31.Rf2 Rdc8 32.Ne1 Kf7 33.Rff3 Rxf3 34.Rxf3 Rc4 35.Rb3 b5 36.Kf3 Nc7
37.Ra3 h6 38.h3 g5 39.fxg5 hxg5 40.Nd3 Rxc2 41.Nb4 Rc4 42.Nxa6 Nd5  0-1

[Event "ch-YUG w"]
[Site "Kotor YUG"]
[Date "2002.04.15"]
[Round "3"]
[White "Mijovic,A"]
[Black "Mladenovic,J"]
[Result "0-1"]
[WhiteElo "2123"]
[BlackElo "2122"]

1.e4 c5 2.Nf3 Nc6 3.d4 cxd4 4.Nxd4 Qc7 5.Nc3 a6 6.Be2 Nf6 7.O-O e6 8.Be3 Be7
9.f4 d6 10.Kh1 O-O 11.Qe1 Nxd4 12.Bxd4 e5 13.fxe5 dxe5 14.Qg3 Nd7 15.Nd5 Qd6
16.Bc3 Bd8 17.Rad1 Qg6 18.Bxe5 Re8 19.Bh5 Qxg3 20.Bxf7+ Kh8 21.Bxg3 Rxe4
22.Nc3 Re3 23.Bf4 Re7 24.Bg5 Rxf7 25.Bxd8 Ne5 26.Bc7 Rxf1+ 27.Rxf1 Ng6 28.Bb6 Bd7
29.Rf7 Bc6 30.Bd4 Rd8 31.Rc7 Kg8 32.Ne2 Re8 33.Ng1 Nf4 34.Rxg7+ Kf8 35.Rg5 Nxg2
36.Rf5+ Kg8 37.Nf3 Nh4 38.Rg5+ Kf7 39.Rg7+ Kf8  0-1

[Event "Alushta-100"]
[Site "Alushta UKR"]
[Date "2002.04.19"]
[Round "?"]
[White "Yagupov,I"]
[Black "Arzumanian,G"]
[Result "0-1"]
[WhiteElo "2474"]
[BlackElo "2461"]

1.e4 c5 2.Nf3 Nc6 3.d4 cxd4 4.Nxd4 Qb6 5.Nb3 Nf6 6.Nc3 e6 7.Bd3 a6 8.Be3 Qc7
9.f4 d6 10.Qf3 b5 11.O-O Bb7 12.Rae1 Be7 13.Qg3 O-O 14.Kh1 Rfe8 15.Nd4 Nxd4
16.Bxd4 g6 17.e5 Nh5 18.Qh3 Qd8 19.f5 exf5 20.Rxf5 dxe5 21.Rxh5 exd4 22.Rxh7 Bf6
23.Rf1 dxc3 24.Bxg6 fxg6 25.Rd7 Re7 26.Rxd8+ Rxd8 27.Qg4 Rd2 28.Qxg6+ Bg7
29.Qg5 Ree2 30.Qg6 Bxg2+  0-1

[Event "Alushta-100"]
[Site "Alushta UKR"]
[Date "2002.04.19"]
[Round "?"]
[White "Firman,N"]
[Black "Arzumanian,G"]
[Result "1-0"]
[WhiteElo "2509"]
[BlackElo "2461"]

1.e4 c5 2.Nf3 Nc6 3.d4 cxd4 4.Nxd4 Qb6 5.Nb3 Nf6 6.Nc3 e6 7.Bd3 a6 8.Qe2 d6
9.f4 Qc7 10.Be3 b5 11.a4 b4 12.Nd1 Be7 13.Nf2 O-O 14.g4 Nd7 15.g5 Bb7 16.Rg1 Na5
17.Nd4 Nc5 18.Rg3 g6 19.Rh3 f5 20.exf5 exf5 21.Bxf5 Rxf5 22.Nxf5 gxf5 23.Bxc5 Qd7  1-0

[Event "XX Open"]
[Site "Metz FRA"]
[Date "2002.04.21"]
[Round "9"]
[White "Zagrebelny,S"]
[Black "Cosma,E"]
[Result "1-0"]
[WhiteElo "2503"]
[BlackElo "2354"]

1.e4 c5 2.Nf3 Nc6 3.d4 cxd4 4.Nxd4 Qc7 5.Nc3 e6 6.Be3 a6 7.Qd2 Nf6 8.O-O-O Bb4
9.f3 Ne7 10.g4 d5 11.g5 Nd7 12.Nb3 O-O 13.Kb1 Bxc3 14.Qxc3 Qxc3 15.bxc3 b6
16.c4 dxe4 17.fxe4 Ra7 18.Rd6 Rc7 19.Bxb6 Nxb6 20.Rxb6 Bb7 21.Bd3 Nc8 22.Rb4 Ne7
23.c5 Nc6 24.Rb6 a5 25.a4 Ra8 26.Bb5 Kf8 27.Rxb7  1-0

[Event "ch-YUG w"]
[Site "Kotor YUG"]
[Date "2002.04.22"]
[Round "9"]
[White "Mijovic,A"]
[Black "Djuric,Ve"]
[Result "1-0"]
[WhiteElo "2123"]
[BlackElo "2082"]

1.e4 c5 2.Nf3 Nc6 3.d4 cxd4 4.Nxd4 Qc7 5.Nc3 e6 6.Be2 a6 7.O-O Nf6 8.Be3 Bb4
9.Na4 O-O 10.Nxc6 bxc6 11.c4 Bd6 12.f4 Nxe4 13.Bd3 f5 14.Bxe4 fxe4 15.Qd4 Be7
16.c5 Rb8 17.Qxe4 Qa5 18.b3 Qb4 19.Qc2 Qb7 20.Rad1 Qc7 21.f5 Rxf5 22.Rxf5 exf5
23.Qc4+ Kh8 24.Bf4 d6 25.cxd6 Qd8 26.Qd3 Bg5 27.Bxg5 Qxg5 28.d7 Bxd7 29.Qxd7 Qe3+
30.Kh1 Re8 31.Qxf5 Qe1+ 32.Qf1 Qb4 33.h3 a5 34.Rd7 h6 35.Rd1 Qe4 36.Nc3 Qe3
37.Qd3 Qf2 38.Qf3 Qc5 39.Rf1 Qd6 40.Ne4 Qd4 41.Ng3 Qe5 42.Qf7 Rd8 43.Nh5 Rd5
44.Nf4  1-0

[Event "TUR-BUL Chess Summit"]
[Site "Istanbul TUR"]
[Date "2002.04.27"]
[Round "5"]
[White "Haznedaroglu,K"]
[Black "Andonov,B"]
[Result "1-0"]
[WhiteElo "2345"]
[BlackElo "2364"]

1.e4 c5 2.Nf3 Nc6 3.d4 cxd4 4.Nxd4 Qc7 5.Nc3 e6 6.g3 a6 7.Bg2 Nf6 8.O-O h6
9.Nde2 Bc5 10.a4 d6 11.h3 Bd7 12.b3 Ne7 13.Bb2 e5 14.Qd3 Be6 15.Nd5 Nfxd5
16.exd5 Bf5 17.Qd2 Rc8 18.Rac1 a5 19.Bc3 Ra8 20.Rce1 O-O 21.Kh2 Rfc8 22.g4 Bg6
23.Bb2 Qb6 24.Ng3 Bb4 25.c3 Bc5 26.f4 f6 27.f5 Bf7 28.Qd1 Be3 29.c4 Bf4 30.Rxf4 exf4
31.Ne4 Re8 32.Qf3 Nc8 33.Qc3 Re5 34.Bc1 Qd8 35.Bxf4 Re7 36.Qg3 Ra6 37.h4 Re8
38.g5 hxg5 39.hxg5 Rxe4 40.Rxe4 fxg5 41.Bxg5 Qf8 42.Bh6 Kh7 43.Bxg7  1-0

[Event "Capablanca Mem Premier I"]
[Site "Havana CUB"]
[Date "2002.05.06"]
[Round "1"]
[White "Garcia Martinez,S"]
[Black "Alvarez,Jose"]
[Result "1/2-1/2"]
[WhiteElo "2395"]
[BlackElo "2403"]

1.e4 c5 2.Nf3 Nc6 3.d4 cxd4 4.Nxd4 Qb6 5.Nb3 Nf6 6.Nc3 e6 7.Bd3 d6 8.O-O a6
9.Qe2 Be7 10.Bg5 O-O 11.Rae1 Qc7 12.f4 h6 13.Bh4 Re8 14.e5 Nd7 15.Bg3 b5
16.exd6 Bxd6 17.Ne4 Bf8 18.f5 e5 19.c3 Bb7 20.f6 g6 21.h4 Nd8 22.h5 g5 23.Bb1 Ne6
24.Qc2 Nf4  1/2-1/2

[Event "FSIM May"]
[Site "Budapest HUN"]
[Date "2002.05.09"]
[Round "6"]
[White "Mueller,Mark"]
[Black "Berczes,C"]
[Result "0-1"]
[WhiteElo "2195"]
[BlackElo "2243"]

1.e4 c5 2.Nf3 Nc6 3.d4 cxd4 4.Nxd4 Qc7 5.Nc3 e6 6.Be2 a6 7.O-O Nf6 8.Be3 Be7
9.f4 d6 10.g4 Nd7 11.Nb3 b6 12.Bf3 Bb7 13.Qd2 Nc5 14.Qf2 h6 15.e5 dxe5 16.Nxc5 bxc5
17.Bxc5 exf4 18.Bxe7 Qxe7 19.Nd5 Qd6 20.Rad1 exd5 21.Rxd5 Qc7 22.Re1+ Kf8
23.Qc5+ Kg8 24.Red1 Rb8 25.Be4 g6 26.Bxg6 Qe7 27.Qc4 Qe3+ 28.Kg2 Ne7 29.Qc7 Bxd5+
30.Rxd5 Rf8  0-1

[Event "Open"]
[Site "Pula CRO"]
[Date "2002.05.18"]
[Round "8"]
[White "Pilgaard,K"]
[Black "Bistric,F"]
[Result "0-1"]
[WhiteElo "2426"]
[BlackElo "2494"]

1.e4 c5 2.Nf3 Nc6 3.d4 cxd4 4.Nxd4 Qb6 5.Nb3 Nf6 6.Nc3 e6 7.Bd3 Be7 8.O-O Qc7
9.f4 d6 10.Qf3 O-O 11.Kh1 a6 12.Bd2 b5 13.e5 dxe5 14.fxe5 Nxe5 15.Bf4 Bd6
16.Nxb5 axb5 17.Qxa8 Nxd3 18.Bxd6 Qxd6 19.cxd3 Ng4 20.g3 Bd7 21.Qa7 Bc6+
22.Kg1 Qd5  0-1

[Event "Open A"]
[Site "Ostrava CZE"]
[Date "2002.05.19"]
[Round "2"]
[White "Slavicek,M"]
[Black "Pisk,P"]
[Result "1/2-1/2"]
[WhiteElo "2157"]
[BlackElo "2365"]

1.e4 c5 2.Nf3 Nc6 3.d4 cxd4 4.Nxd4 Qc7 5.Nc3 e6 6.Be3 a6 7.f3 b5 8.Qd2 Nf6
9.g4 Bb7 10.O-O-O h6 11.h4 Nxd4 12.Bxd4 e5 13.Be3 Rc8 14.Bh3 Bc6 15.g5 Nh5
16.Rh2 Bb4 17.Bg4 Nf4 18.Bxf4 exf4 19.Qd4 Bf8 20.Nd5 Qd6 21.Qa7 hxg5 22.Nb6 Qc7
23.Nxc8 Qxc8 24.Rhd2 Rxh4 25.Rxd7 Rxg4 26.Rd8+ Qxd8 27.Rxd8+ Kxd8 28.fxg4 Bd6
29.Qxa6 Kd7 30.Qa7+ Ke6 31.Qd4 Be5 32.Qd3 g6 33.b3 Ke7 34.a4 bxa4 35.bxa4 Bd7
36.Qf3 Bd6 37.a5 Bc5 38.c4 Be3+ 39.Kc2 Bc6 40.Kd3 f5 41.gxf5 gxf5 42.Qh5 Bxe4+
43.Ke2 g4 44.Qg5+  1/2-1/2

[Event "TCh-BIH"]
[Site "Neum BIH"]
[Date "2002.06.02"]
[Round "1"]
[White "Nikac,P"]
[Black "Kozul,Z"]
[Result "0-1"]
[WhiteElo "2350"]
[BlackElo "2595"]

1.e4 c5 2.Nf3 Nc6 3.d4 cxd4 4.Nxd4 Qb6 5.Nb3 Nf6 6.Nc3 e6 7.Bd3 d6 8.O-O a6
9.Be3 Qc7 10.f4 b5 11.Qf3 Bb7 12.a4 b4 13.Ne2 g6 14.Ned4 Bg7 15.Nxc6 Bxc6
16.Bd4 O-O 17.a5 Rfc8 18.Qe2 Qb7 19.Rae1 Ba4 20.Kh1 Bb5 21.f5 Bxd3 22.Qxd3 e5
23.Bb6 Qc6 24.Re2 d5 25.Nc5 dxe4 26.Qh3 Qb5 27.Qe3 Bh6 28.Qxh6 Qxe2 29.Kg1 Ng4
30.Qh4 Ne3 31.Qf2 Qxf1+  0-1

[Event "TCh-BIH"]
[Site "Neum BIH"]
[Date "2002.06.05"]
[Round "5"]
[White "Brkic,A"]
[Black "Kurajica,B"]
[Result "1/2-1/2"]
[WhiteElo "2306"]
[BlackElo "2555"]

1.e4 c5 2.Nf3 Nc6 3.d4 cxd4 4.Nxd4 Qc7 5.Nc3 e6 6.Be3 a6 7.Be2 Nf6 8.O-O Bb4
9.Na4 Bd6 10.g3 Be7 11.Nxc6 bxc6 12.Nb6 Rb8 13.Nxc8 Qxc8 14.Bd4 c5 15.Be5 Rb6
16.Qd3 d6 17.Bc3 O-O 18.Rad1 d5 19.Bxf6 dxe4 20.Qxe4 Bxf6 21.b3 g6 22.Bc4 Rd8
23.Qf3  1/2-1/2

[Event "EuTCh U18"]
[Site "Balatonlelle HUN"]
[Date "2002.06.13"]
[Round "2"]
[White "Dimitrijevic,A"]
[Black "Helm,L"]
[Result "1-0"]
[WhiteElo "2269"]
[BlackElo "2194"]

1.e4 c5 2.Nf3 Nc6 3.d4 cxd4 4.Nxd4 Qc7 5.Nc3 e6 6.Be3 a6 7.f4 b5 8.e5 Bb7
9.Qd2 Rd8 10.O-O-O b4 11.Na4 Na5 12.Nxe6 fxe6 13.Bb6 Qc6 14.b3 Nxb3+ 15.axb3 Rc8
16.Bc4 Ne7 17.Rhf1 Nd5 18.f5 Be7 19.f6 gxf6 20.exf6 Nxf6 21.Qh6 e5 22.g4 d5
23.g5 Nd7 24.Qg7 Rf8 25.Bd3 Nxb6 26.Rxf8+ Bxf8 27.Qxe5+ Be7 28.Re1 Rc7 29.Qh8+ Kf7
30.Qxh7+ Kf8 31.Qh8+ Kf7 32.g6+  1-0

[Event "Essent ch-NED w"]
[Site "Leeuwarden NED"]
[Date "2002.06.21"]
[Round "3"]
[White "Bos Swiecik,I"]
[Black "Bosboom Lanchava,T"]
[Result "0-1"]
[WhiteElo "2179"]
[BlackElo "2330"]

1.e4 c5 2.Nf3 Nc6 3.d4 cxd4 4.Nxd4 Qc7 5.Nc3 e6 6.Be2 a6 7.O-O Nf6 8.Be3 h5
9.Nxc6 dxc6 10.f4 Bd7 11.e5 Nd5 12.Nxd5 cxd5 13.Bxh5 Bc5 14.Bxc5 Qxc5+ 15.Kh1 O-O-O
16.Bf3 Bb5 17.Rg1 Qf2 18.h3 Qg3 19.Qd2 Rh4 20.Qc3+ Kb8 21.Bd1 Qxc3 22.bxc3 Rxf4
23.Re1 Rc8 24.Be2 Bxe2 25.Rxe2 Rxc3 26.a4 b6 27.Rb1 Kc7 28.Ra1 Rcc4 29.g3 Rf3
30.Kh2 Rcc3 31.Rg2 Rce3 32.Rc1 Rxe5 33.c4 d4 34.Rd2 d3  0-1

[Event "Milivoj Petrov Mem"]
[Site "Pancevo YUG"]
[Date "2002.06.24"]
[Round "1"]
[White "Fontaine,R"]
[Black "Cabrilo,G"]
[Result "1/2-1/2"]
[WhiteElo "2484"]
[BlackElo "2501"]

1.e4 c5 2.Nf3 Nc6 3.d4 cxd4 4.Nxd4 Qb6 5.Nb3 Nf6 6.Nc3 e6 7.Bd3 d6 8.O-O Be7
9.Be3 Qc7 10.f4 a6 11.Qf3 O-O 12.g4 b5 13.g5 Nd7 14.Qh5 b4 15.Ne2 g6 16.Qh4 f6
17.Qh3 Nd8 18.gxf6 Bxf6  1/2-1/2

[Event "13th Open"]
[Site "Ljubljana SLO"]
[Date "2002.06.27"]
[Round "6"]
[White "Nikolov,S"]
[Black "Kukovec,B"]
[Result "1/2-1/2"]
[WhiteElo "2354"]
[BlackElo "2156"]

1.e4 c5 2.Nf3 Nc6 3.d4 cxd4 4.Nxd4 Qc7 5.Nc3 e6 6.Be2 a6 7.O-O Nf6 8.Kh1 Nxd4
9.Qxd4 Bc5 10.Qd3 h5 11.f4 Ng4 12.Bxg4 hxg4 13.Be3 Bxe3 14.Qxe3 b5 15.Qd4 f6
16.a4 b4 17.Qxb4 Rb8 18.Qa3 Bb7 19.Rae1 Kf7 20.Qb4 Rh5 21.Re3 Bc6 22.Qd4 Rxb2
23.Rg3 Qa5 24.Rxg4 Rxc2 25.Rg3 Rc5 26.Qd6 R5xc3 27.Rxg7+ Kxg7 28.Qe7+ Kg8
29.Qe8+ Kg7  1/2-1/2

[Event "Match Olympiad Hopes Schev"]
[Site "Belgrade YUG"]
[Date "2002.06.28"]
[Round "3"]
[White "Djukic,Ni"]
[Black "Ivanisevic,I"]
[Result "1/2-1/2"]
[WhiteElo "2434"]
[BlackElo "2547"]

1.e4 c5 2.Nf3 Nc6 3.d4 cxd4 4.Nxd4 Qc7 5.Nc3 e6 6.Be2 a6 7.O-O Nf6 8.Kh1 h5
9.f4 Nxd4 10.Qxd4 b5 11.e5 Ng4 12.Bf3 Bb7 13.Bxb7 Qxb7 14.Ne4 h4 15.h3 Nh6
16.Qd3 Nf5 17.Kh2 Rc8 18.Bd2 Qc6 19.Rac1 d5 20.exd6 Bxd6 21.Nxd6+ Qxd6 22.Qxd6 Nxd6
23.Bb4 Nf5 24.b3 Rh6 25.Rf3 Nd4 26.Rf2 Rg6 27.Be1 Rh6 28.Rd2 Nf5 29.c4 Rh5
30.Rdc2 Nd4 31.Rd2 Nf5 32.Bf2 Ne7 33.Rd6 Nd5 34.f5 Rxf5 35.Bxh4 g5 36.Bg3 bxc4
37.Rxc4 Rxc4 38.bxc4 Ne3 39.Be1 a5 40.Rd4 Nc2 41.Re4 Nxe1 42.Rxe1 Rc5 43.Re4 Ke7
44.g4 Kd6 45.Kg3 Re5 46.Rd4+ Kc5 47.Rd7 f5 48.gxf5 exf5 49.Rc7+ Kb4 50.h4 f4+
51.Kg4 gxh4 52.Kxh4 Re2 53.Kg4 Rxa2 54.Kxf4 Rc2 55.Ke3 Rxc4 56.Rxc4+ Kxc4  1/2-1/2

[Event "Match Olympiad Hopes Schev"]
[Site "Belgrade YUG"]
[Date "2002.06.29"]
[Round "4"]
[White "Pikula,D"]
[Black "Djukic,Ni"]
[Result "1-0"]
[WhiteElo "2472"]
[BlackElo "2434"]

1.e4 c5 2.Nf3 Nc6 3.d4 cxd4 4.Nxd4 Qc7 5.Nc3 e6 6.Be3 a6 7.Bd3 Nf6 8.O-O Ne5
9.f4 Neg4 10.Bd2 Bc5 11.Ne2 e5 12.fxe5 Qxe5 13.Bf4 Bxd4+ 14.Kh1 Qc5 15.Nxd4 Qxd4
16.e5 Nf2+ 17.Rxf2 Qxf2 18.exf6 Qxf4 19.Qe1+ Kd8 20.Qa5+ Qc7 21.fxg7 Qxa5
22.gxh8=Q+ Kc7 23.Qxh7 f6 24.Qh4 Qe5 25.c3 b6 26.Rf1 Bb7 27.Qxf6 Qd5 28.Qf4+ Kc8
29.Qg3 Bc6 30.Bxa6+  1-0

[Event "IV Shakkinet B"]
[Site "Helsinki FIN"]
[Date "2002.07.04"]
[Round "11"]
[White "Mavrichev,J"]
[Black "Luukkonen,T"]
[Result "0-1"]
[WhiteElo "2115"]
[BlackElo "2158"]

1.e4 c5 2.Nf3 Nc6 3.d4 cxd4 4.Nxd4 Qb6 5.Nb5 Nf6 6.Be3 Qd8 7.N1c3 a6 8.Na3 b5
9.Nd5 Nxd5 10.exd5 Ne5 11.f4 b4 12.Nb1 Ng6 13.Nd2 e6 14.Nc4 Bb7 15.d6 Nh4
16.Qd2 Bc6 17.O-O-O Rb8 18.Qf2 Nf5 19.Bc5 g6 20.Rg1 h5 21.g3 Bg7 22.Ne5 Bd5
23.Rxd5 exd5 24.Bg2 Qa5 25.Bxd5 Rb5 26.Bxf7+ Kf8 27.Nc4 Qxa2 28.Bxg6 Bxb2+
29.Nxb2 Qa1+ 30.Kd2 Qxb2 31.Bxf5 Qc3+ 32.Ke2 Rxc5 33.Bd3 Rh6 34.Rd1 Rxd6
35.Qf3 Rcd5 36.Rb1 Rxd3  0-1

[Event "1st Open"]
[Site "La Fere FRA"]
[Date "2002.07.04"]
[Round "8"]
[White "Cappon,J"]
[Black "Zigura,O"]
[Result "0-1"]
[WhiteElo "2154"]
[BlackElo "2377"]

1.e4 c5 2.Nf3 Nc6 3.d4 cxd4 4.Nxd4 Qc7 5.Nc3 e6 6.Be3 Nf6 7.a3 a6 8.Be2 Nxd4
9.Qxd4 Bd6 10.Qd2 Be5 11.Bd4 d6 12.O-O O-O 13.Rfd1 Bd7 14.Bxe5 dxe5 15.Qd6 Qxd6
16.Rxd6 Bc6 17.f3 Rfd8 18.Rad1 Rxd6 19.Rxd6 Kf8 20.Kf2 Ke7 21.Rd2 g5 22.Ke3 h5
23.Na2 a5 24.Nc1 h4 25.c4 g4 26.b4 h3 27.gxh3 gxf3 28.Bxf3 Rh8 29.Ne2 Rxh3
30.Ng3 b6 31.Rb2 Nd7 32.Rf2 Rh4 33.Bh5 Nf6 34.Bf3 Rh8 35.Rd2 Ne8 36.Kd3 f5
37.Kc3 f4 38.Nf1 Nf6  0-1

[Event "XX Open"]
[Site "Andorra la Vella AND"]
[Date "2002.07.06"]
[Round "1"]
[White "Ruiz Jimenez,F"]
[Black "Comas Fabrego,L"]
[Result "1/2-1/2"]
[WhiteElo "2116"]
[BlackElo "2503"]

1.e4 c5 2.Nf3 Nc6 3.d4 cxd4 4.Nxd4 Qc7 5.Nc3 e6 6.g3 a6 7.Bg2 d6 8.O-O Bd7
9.a4 Nf6 10.Be3 Be7 11.f4 O-O 12.Nb3 b6 13.g4 Bc8 14.g5 Nd7 15.Qh5 Re8 16.Rf3 g6
17.Qh4 h5 18.Rh3 Bf8 19.Bf3 Bg7 20.f5 Bxc3 21.fxg6 fxg6 22.Bxh5 Nf8 23.bxc3 gxh5
24.Qxh5 Qh7 25.Qxe8 Qxh3 26.Rf1 Qg4+ 27.Kh1 Qxe4+ 28.Kg1 Qg4+ 29.Kh1 Qe4+  1/2-1/2

[Event "23rd Open"]
[Site "Bled SLO"]
[Date "2002.07.06"]
[Round "5"]
[White "Zorko,Ju"]
[Black "Kukovec,B"]
[Result "1-0"]
[WhiteElo "2165"]
[BlackElo "2145"]

1.e4 c5 2.Nf3 Nc6 3.d4 cxd4 4.Nxd4 Qc7 5.Nc3 e6 6.Be2 a6 7.O-O Nf6 8.Be3 Bb4
9.Na4 Be7 10.Nxc6 bxc6 11.Nb6 Rb8 12.Nxc8 Qxc8 13.Bd4 c5 14.Be5 Rb6 15.b3 O-O
16.Bd3 d6 17.Bb2 c4 18.Bxc4 Nd7 19.f4 e5 20.f5 Qc5+ 21.Kh1 Nf6 22.Qf3 Qc6
23.Rfe1 Rbb8 24.Rad1 a5 25.a4 Qc5 26.Ra1 Rfd8 27.Ba3 Qc7 28.Rad1 Qb7 29.Bb2 Rdc8
30.Bc1 Rc7 31.Bd2 Qb6 32.Qe3 Rc5 33.Qf3 Rc7 34.Re2 Rbc8 35.Be1 Rc6 36.c3 Rxc4
37.bxc4 Rxc4 38.Qd3 Qc6 39.Bh4 Rxa4 40.Bxf6 Bxf6 41.h3 Be7 42.Rb2 h6 43.Rb8+ Kh7
44.Qd5 Qxd5 45.exd5 e4 46.Re8 Bf6 47.Re1 Be5 48.Rxe5 dxe5 49.d6 Ra2 50.Rd1 e3
51.d7 e2 52.d8=Q exd1=Q+ 53.Qxd1 e4 54.Qe1 Ra4 55.c4 Rxc4 56.Qxa5 f6 57.Qd5 Ra4
58.Qe6 Rb4 59.Kg1 Rb1+ 60.Kf2 Rb4 61.Ke3 Ra4 62.h4 Ra3+ 63.Kf4 e3 64.g4 Ra4+
65.Kf3 Ra3 66.Qe8 Rc3 67.g5 hxg5 68.hxg5 fxg5 69.Qg6+ Kg8 70.f6 g4+ 71.Ke2 Rc7
72.Qe8+  1-0

[Event "23rd Open"]
[Site "Bled SLO"]
[Date "2002.07.08"]
[Round "7"]
[White "Srebrnic,M"]
[Black "Lazar,Ales ml"]
[Result "1/2-1/2"]
[WhiteElo "2179"]
[BlackElo "2304"]

1.e4 c5 2.Nf3 Nc6 3.d4 cxd4 4.Nxd4 Qc7 5.Nc3 e6 6.Be3 a6 7.Bd3 Nf6 8.O-O Ne5
9.h3 Bc5 10.Kh1 d6 11.f4 Ng6 12.Qe1 Bd7 13.f5 Ne5 14.Qh4 Qb6 15.Nce2 O-O
16.g4 Nxd3 17.cxd3 e5 18.g5 Ne8 19.g6 Nf6 20.Bg5 fxg6 21.fxg6 hxg6 22.Bxf6 Bxd4
23.Bxg7 Kxg7 24.Qe7+ Kg8 25.Qxd7 Bf2 26.Rac1 Rad8 27.Qg4 Kg7 28.Ng3 Bxg3
29.Qxg3 Rde8 30.b3 Qd8 31.Kg2 Rh8 32.Rf5 Ref8 33.Rcf1 Qe7 34.Rxf8 Rxf8 35.Rxf8 Qxf8
36.Qg4  1/2-1/2

[Event "Jacques Lemans Open"]
[Site "St Veiter AUT"]
[Date "2002.07.09"]
[Round "4"]
[White "Eichert,W"]
[Black "Teske,H"]
[Result "0-1"]
[WhiteElo "2196"]
[BlackElo "2529"]

1.e4 c5 2.Nf3 Nc6 3.d4 cxd4 4.Nxd4 Qc7 5.Nc3 e6 6.Be2 a6 7.Be3 Nf6 8.a3 b5
9.f4 Bb7 10.Bf3 b4 11.axb4 Bxb4 12.Ne2 d5 13.exd5 Rd8 14.O-O O-O 15.Ra4 exd5
16.Nd4 Bxc3 17.bxc3 Rfe8 18.Qd3 Na5 19.Rb1 Nc4 20.Bf2 Ne4 21.Bxe4 Rxe4 22.Nf3 h6
23.Rab4 Bc6 24.Nd2 Rxf4 25.Bg3 Qa7+ 26.Kh1 Nxd2 27.Qxd2 Rf5 28.Rb8 Rxb8 29.Rxb8+ Qxb8  0-1

[Event "FSIMB July"]
[Site "Budapest HUN"]
[Date "2002.07.12"]
[Round "7"]
[White "Farago,S"]
[Black "Berczes,C"]
[Result "1/2-1/2"]
[WhiteElo "2252"]
[BlackElo "2316"]

1.e4 c5 2.Nf3 Nc6 3.d4 cxd4 4.Nxd4 Qc7 5.Nc3 e6 6.Be3 a6 7.Be2 Nf6 8.O-O Be7
9.f4 d6 10.a4 O-O 11.Bf3 Nxd4 12.Qxd4 Nd7 13.Rad1 Rd8 14.Kh1 Nc5 15.e5 d5
16.b4 Nd7 17.Bxd5 Nf8 18.Qc4 Qxc4 19.Bxc4 Rxd1 20.Rxd1 Bxb4 21.Rd8 b5 22.Bd5 exd5
23.Nxd5 Bb7 24.Rxa8 Bxa8 25.Nxb4 a5 26.Nd3 bxa4 27.Bb6 Be4 28.Kg1 Ne6 29.Nc5  1/2-1/2

[Event "Jacques Lemans Open"]
[Site "St Veiter AUT"]
[Date "2002.07.12"]
[Round "7"]
[White "Lechner,O"]
[Black "Mayerhofer,P"]
[Result "1/2-1/2"]
[WhiteElo "2007"]
[BlackElo "2152"]

1.e4 c5 2.Nf3 Nc6 3.d4 cxd4 4.Nxd4 Qc7 5.Nc3 e6 6.Be2 a6 7.O-O Nf6 8.Be3 Bb4
9.Nxc6 bxc6 10.f3 O-O 11.a3 Bd6 12.f4 e5  1/2-1/2

[Event "Capital of Siberia Open"]
[Site "Novosibirsk RUS"]
[Date "2002.07.19"]
[Round "1"]
[White "Kachkin,K"]
[Black "Maletin,P"]
[Result "0-1"]
[WhiteElo "2112"]
[BlackElo "2344"]

1.e4 c5 2.Nf3 Nc6 3.d4 cxd4 4.Nxd4 Qc7 5.Nc3 e6 6.Be3 Nf6 7.a3 a6 8.Be2 Be7
9.O-O O-O 10.Kh1 d6 11.f4 Re8 12.Nb3 b6 13.Bf3 Bb7 14.Qe1 Rab8 15.Rd1 Nd7
16.Qg3 Na5 17.Nd4 Nc4 18.Bc1 Bf6 19.Nb1 Qc5 20.Qf2 e5 21.Nf5 exf4 22.b3 Qxf2
23.Rxf2 Ne3 24.Bxe3 fxe3 25.Re2 Bxe4 26.Bxe4 Rxe4 27.Nxd6 Re6 28.Nf5 Ne5
29.h3 g6 30.Ng3 Nc6 31.Rd3 Rd8 32.Rxd8+ Bxd8 33.Nf1 Bg5 34.c3 Na5 35.b4 Nc4
36.g3 Rd6 37.Re1 e2 38.Nh2 Rd1 39.Nf3 Ne5  0-1

[Event "KB Czech Open"]
[Site "Pardubice CZE"]
[Date "2002.07.19"]
[Round "1"]
[White "Fiala,R"]
[Black "Oral,T"]
[Result "1/2-1/2"]
[WhiteElo "2288"]
[BlackElo "2549"]

1.e4 c5 2.Nf3 Nc6 3.d4 cxd4 4.Nxd4 Qc7 5.Nc3 e6 6.g3 a6 7.Bg2 Nf6 8.O-O Nxd4
9.Qxd4 Bc5 10.Bf4 d6 11.Qd2 h6 12.Na4 e5 13.Nxc5 dxc5 14.Be3 Ng4 15.Rad1 Be6
16.Qd6 Qxd6 17.Rxd6 Nxe3 18.fxe3 Ke7 19.Rfd1 Rhd8 20.Rxd8 Rxd8 21.Rxd8 Kxd8
22.a3 c4 23.c3 Bd7 24.Kf2 Kc7 25.Ke2 Kb6 26.Kd2 Bc6 27.g4 g6 28.Ke2 Kc5 29.Kd2 b5
30.Ke2 a5 31.Kd2 f5 32.gxf5 gxf5 33.Ke2 b4 34.axb4+ axb4 35.Bf3 Bxe4 36.Bxe4 fxe4
37.Kd2 Kb5 38.cxb4 Kxb4 39.Kc2 Ka4 40.Kc3 Kb5 41.b4 cxb3 42.Kxb3 h5 43.Kc3 Kc5
44.Kb3 h4 45.h3  1/2-1/2

[Event "TCh-POL Jun"]
[Site "Laczna POL"]
[Date "2002.07.20"]
[Round "7"]
[White "Owczarzak,J"]
[Black "Gajewski,G"]
[Result "1-0"]
[WhiteElo "2294"]
[BlackElo "2388"]

1.e4 c5 2.Nf3 Nc6 3.d4 cxd4 4.Nxd4 Qc7 5.Nb5 Qb8 6.c4 Nf6 7.N5c3 e6 8.Be3 b6
9.Be2 Bc5 10.Qd2 O-O 11.Na3 Bb7 12.Nc2 Nb4 13.O-O Nxc2 14.Bxc5 bxc5 15.Qxc2 Qf4
16.f3 d5 17.cxd5 exd5 18.exd5 Rfe8 19.Bd3 Bxd5 20.Nxd5 Nxd5 21.Bxh7+ Kh8
22.Be4 Ne3 23.Qc1 Rad8 24.g3 Qh6 25.Re1 Rxe4 26.fxe4 Rd3 27.a4 Qf6 28.Ra3 Qf3
29.Qxe3 Rxe3 30.Raxe3 Qf6 31.e5 Qc6 32.b3 c4 33.bxc4 Qxc4 34.Re4 Qc5+ 35.Kg2 Qd5
36.Kh3  1-0

[Event "KB Czech Open"]
[Site "Pardubice CZE"]
[Date "2002.07.20"]
[Round "2"]
[White "Groszpeter,A"]
[Black "Kuznetsov,Vi2"]
[Result "1/2-1/2"]
[WhiteElo "2491"]
[BlackElo "2320"]

1.e4 c5 2.Nf3 Nc6 3.d4 cxd4 4.Nxd4 Qc7 5.Nc3 e6 6.Be3 a6 7.Qd2 Nf6 8.O-O-O Be7
9.f3 O-O 10.g4 d6 11.g5 Nd7 12.h4 Nxd4 13.Bxd4 b5 14.Bd3 Ne5 15.Be2 Bb7 16.Rdg1 Rac8
17.Kb1 b4 18.Nd1 d5 19.Bxe5 Qxe5 20.f4 Qc7 21.e5 a5 22.h5 a4 23.Bd3 b3 24.a3 bxc2+
25.Bxc2 Qb6 26.Rg3 d4 27.Rh2 Rxc2 28.Qxc2 Rc8 29.Qd3 Ba6 30.Qe4 d3 31.Rxd3 Bxd3+
32.Qxd3 Rd8 33.Qc2 Qd4 34.Nc3 Qxf4 35.g6 Qf1+ 36.Ka2 Qc4+ 37.Kb1 Qf1+ 38.Ka2  1/2-1/2

[Event "KB Czech Open"]
[Site "Pardubice CZE"]
[Date "2002.07.23"]
[Round "5"]
[White "Neiksans,A"]
[Black "Teske,H"]
[Result "1/2-1/2"]
[WhiteElo "2434"]
[BlackElo "2529"]

1.e4 c5 2.Nf3 Nc6 3.d4 cxd4 4.Nxd4 Qc7 5.Nc3 e6 6.Be3 a6 7.Bd3 b5 8.O-O Bb7
9.Qe2 Nf6 10.f4 Nxd4  1/2-1/2

[Event "KB Czech Open"]
[Site "Pardubice CZE"]
[Date "2002.07.25"]
[Round "7"]
[White "Simacek,P"]
[Black "Teske,H"]
[Result "0-1"]
[WhiteElo "2427"]
[BlackElo "2529"]

1.e4 c5 2.Nf3 Nc6 3.d4 cxd4 4.Nxd4 Qc7 5.Nc3 e6 6.g3 Nf6 7.Bg2 Nxd4 8.Qxd4 Bc5
9.Bf4 d6 10.Qd2 e5 11.Bg5 Bb4 12.O-O Bxc3 13.bxc3 Be6 14.f4 h6 15.Bh4 Qc5+
16.Kh1 O-O-O 17.fxe5 dxe5 18.Qe1 Rd6 19.Bxf6 gxf6 20.Qf2 Qxf2 21.Rxf2 Kd7
22.Rxf6 Rd2 23.Rc1 Ke7 24.Rf3 Rhd8 25.Bf1 Rd1 26.Rxd1 Rxd1 27.Kg2 Rd2+ 28.Rf2 Rxf2+
29.Kxf2 Bxa2 30.Bb5 a6 31.Ba4 b5 32.Bb3 Bxb3 33.cxb3 a5 34.Ke3 a4 35.Kd2 f5
36.c4 axb3 37.cxb5 fxe4  0-1

[Event "KB Czech Open"]
[Site "Pardubice CZE"]
[Date "2002.07.25"]
[Round "7"]
[White "Voloshin,L"]
[Black "Golod,V"]
[Result "0-1"]
[WhiteElo "2429"]
[BlackElo "2538"]

1.e4 c5 2.Nf3 Nc6 3.d4 cxd4 4.Nxd4 Qb6 5.Nxc6 bxc6 6.Bd3 e5 7.O-O Nf6 8.Nd2 Qc7
9.Nc4 d5 10.Nxe5 Qxe5 11.Re1 Nxe4 12.f3 Bc5+ 13.Be3 Bxe3+ 14.Rxe3 O-O 15.fxe4 f5
16.Qh5 Qd4 17.Re1 g6 18.Qh6 f4 19.e5 fxe3 20.Bxg6 e2+  0-1

[Event "2nd Summer Open"]
[Site "Savaria HUN"]
[Date "2002.07.26"]
[Round "1"]
[White "Gaal,A"]
[Black "Szilagyi,Z"]
[Result "0-1"]
[WhiteElo "2045"]
[BlackElo "2263"]

1.e4 c5 2.Nf3 Nc6 3.d4 cxd4 4.Nxd4 Qc7 5.Nc3 e6 6.Be2 a6 7.O-O Nf6 8.a3 Be7
9.Kh1 O-O 10.f4 d6 11.Be3 Re8 12.Bf3 Bf8 13.Qe1 Nxd4 14.Bxd4 e5 15.Be3 d5
16.fxe5 Qxe5 17.Qf2 dxe4 18.Bd4 Qf5 19.Bxf6 exf3 20.Bd4 fxg2+ 21.Qxg2 Qg6
22.Qd5 Be6 23.Qf3 Rad8 24.Be3 Bd7 25.Nd5 Bg4 26.Qg2 Rxd5 27.Qxd5 Rxe3 28.Rf4 Be6
29.Qd4 Re2 30.Rg1 Qxc2  0-1

[Event "KB Czech Open"]
[Site "Pardubice CZE"]
[Date "2002.07.27"]
[Round "9"]
[White "Kunte,A"]
[Black "Oral,T"]
[Result "1/2-1/2"]
[WhiteElo "2477"]
[BlackElo "2549"]

1.e4 c5 2.Nf3 Nc6 3.d4 cxd4 4.Nxd4 Qc7 5.Nc3 e6 6.Be2 a6 7.O-O Nf6 8.Kh1 Be7
9.f4 d6 10.Be3 O-O 11.a4 Re8 12.Bd3 Nb4 13.a5 Bd7 14.Qe1 Rac8 15.Qg3 Nh5
16.Qf3 Nf6 17.Qg3 Nh5 18.Qf3 Nf6 19.Qg3  1/2-1/2